000 00332nam a22001337a 4500
999 _c8059
_d8060
008 190705b ||||| |||| 00| 0 eng d
020 _a070999005997
082 _aFIC 813.54 KAT
100 _a Katzenbach, John
245 _aJust cause.
260 _aNew York ;
_bBallantine Books,
_c1992.
300 _a494 p.
_c18 cm.
942 _2ddc